| Tag |
First Indicator |
Second Indicator |
Subfields |
| LEADER |
00000cam a2200000 a 4500 |
| 001 |
in00000083960 |
| 005 |
20151008054348.0 |
| 008 |
810803s1981 cauak b 00010 eng |
| 010 |
|
|
|a 80065611
|
| 020 |
|
|
|a 0865480389 (pbk.) :
|c $14.95
|
| 035 |
|
|
|a (OCoLC)07294732
|
| 035 |
|
|
|9 AAJ0429AM
|
| 039 |
0 |
|
|a 2
|b 3
|c 3
|d 3
|e 3
|
| 040 |
|
|
|a DLC
|c DLC
|d TXA
|d UtOrBLW
|
| 049 |
|
|
|a TXAM
|c [1442011]
|
| 050 |
0 |
0 |
|a LB1140.5.R4
|b G7
|
| 082 |
0 |
|
|a 372.4
|2 19
|
| 100 |
1 |
|
|a Gracenin, Carolyn T.
|
| 245 |
1 |
0 |
|a Thoughts, troubles, and things about reading from the cradle through grade three /
|c by Carolyn T. Gracenin [and Damun Gracenin].
|
| 264 |
|
1 |
|a Saratoga, Calif. :
|b Century Twenty One,
|c [1981]
|
| 264 |
|
4 |
|c ©1981
|
| 300 |
|
|
|a ix, 290 pages :
|b illustrations, forms ;
|c 28 cm.
|
| 336 |
|
|
|a text
|b txt
|2 rdacontent
|
| 337 |
|
|
|a unmediated
|b n
|2 rdamedia
|
| 338 |
|
|
|a volume
|b nc
|2 rdacarrier
|
| 504 |
|
|
|a Bibliography: pages 118-119.
|
| 650 |
|
0 |
|a Reading (Preschool)
|
| 650 |
|
0 |
|a Reading (Primary)
|
| 700 |
1 |
|
|a Gracenin, Damun.
|
| 999 |
|
|
|a MARS
|
| 999 |
f |
f |
|s 3e8a001d-0f31-33d0-9b12-28250af187c4
|i f66aa89b-33fc-31ab-a02a-e62c2f0eebfa
|t 0
|
| 952 |
f |
f |
|p normal
|a Texas A&M University
|b College Station
|c Sterling C. Evans Library
|d Evans: Library Stacks
|t 0
|e LB1140.5.R4 G7
|h Library of Congress classification
|i unmediated -- volume
|m A14806160520
|
| 998 |
f |
f |
|a LB1140.5.R4 G7
|t 0
|l Evans: Library Stacks
|